LEADER 01204nam a2200253 i 4500 001 000000148268 003 CaOOAMICUS 005 20060228000000.0 008 060228s2004 it u000 u ita u 013 $a125583 020 $a88-8424-083-2 040 $aSeMil$bita 100 1 $aAstrua, Massimo,$c.$0(OLS)http://semarc/name/39041 245 10$aPerseguiteranno anche voi :$bi martiri cristiani del 20. secolo /$cDon Massimo Astrua ; Presentazione di Don Angelo Albani. 260 $aPessano con Bornago (MI) :$bMimep-Docete,$ccopyr. 2004. 300 $a190 p. :$bill. ;$c18 cm. 650 4$aMartiri cristiani - Sec. 20.-21. - Biografie.$0(OLS)http://semarc/subject/15357 700 1 $aAlbani, Angelo,$c.$0(OLS)http://semarc/name/42771 850 $aSeMil 852 $aSeMil$W1$xVenegono$y1$m587 14 *$j100697$B100697$CSeMilBibl$Z2$F109394 $81 961 $aOmaggio: Braschi don Francesco 996 $6020$a88-8424-083-2$9(OLS)http://semarc/number/137134 996 $6245$aPerseguiteranno anche voi :$bi martiri cristiani del 20. secolo$9(OLS)http://semarc/title/216731 996 $6260$aPessano con Bornago (MI) :$bMimep-Docete$9(OLS)http://semarc/publisher/30068 LEADER 01422nam a2200313 i 4500 001 000000221951 003 CaOOAMICUS 005 20210429140056.0 008 130826s2008 it u000 u ita u 013 $a200848 020 $a978-88-7462-223-8 040 $aSeMil$bita 100 1 $aCosentino, Erica.$0(OLS)http://semarc/name/77608 245 13$aIl tempo della mente :$blinguaggio, evoluzione e identità personale /$cErica Cosentino ; prefazione di Francesco Ferretti. 264 1$aMacerata :$bQuodlibet,$c2008. 300 $a210 p. ;$c22 cm. 490 1 $aQuodlibet studio. Analisi filosofiche 650 4$aFilosofia della mente.$0(OLS)http://semarc/subject/11808 650 4$aSé .$0(OLS)http://semarc/subject/2271 650 4$aTempo - Filosofia.$0(OLS)http://semarc/subject/594 700 1 $aFerretti, Francesco,$d<1961- >.$0(OLS)http://semarc/name/47840 830 0$aQuodlibet studio. Analisi filosofiche.$0(OLS)http://semarc/title/39021 850 $aSeMil 852 $aSeMil$W1$xVenegono$y1$m2O III 416$j172300$B172300$CSeMilBibl$Z2$F183456 $81 961 $aOmaggio: Conti don Ermenegildo 996 $6020$a978-88-7462-223-8$9(OLS)http://semarc/number/221242 996 $6245$aIl tempo della mente :$blinguaggio, evoluzione e identità personale$9(OLS)http://semarc/title/318218 996 $6264$aMacerata :$bQuodlibet$9(OLS)http://semarc/publisher/33216